[Event "World Rapid Women 2025"]
[Site "Doha QAT"]
[Date "2025.12.27"]
[Round "6.66"]
[White "Zvereva, Marija"]
[Black "Lau, Chloe Hailey"]
[Result "0-1"]
[WhiteTitle "WIM"]
[WhiteElo "2007"]
[BlackElo "1562"]
[WhiteFideId "4121082"]
[BlackFideId "6012469"]
[EventDate "2025.12.26"]

1. f4 d5 2. Nf3 Nf6 3. g3 c5 4. Bg2 Nc6 5. O-O Bf5 6. d3 e6 7. Nc3 Qb6 8. h3 h6
9. e3 Be7 10. Qe2 Bh7 11. Kh2 d4 12. Nd1 dxe3 13. Nxe3 Qc7 14. Nc4 Rd8 15. Be3
b5 16. Nce5 Nd5 17. Bg1 Bf6 18. a3 Nce7 19. d4 c4 20. b3 Nb6 21. a4 a6 22. a5
Nbd5 23. bxc4 bxc4 24. Ra3 Rc8 25. Ng4 O-O 26. Nxf6+ Nxf6 27. Ne5 Nfd5 28. Kh1
Rfd8 29. Rd1 Nf5 30. Bh2 Nb4 31. c3 Nd5 32. Bxd5 Rxd5 33. Ra4 Nd6 34. g4 Rxa5
35. Rda1 Rxa4 36. Rxa4 Be4+ 37. Kg1 Bd5 38. Rxa6 Ne4 39. f5 Nxc3 40. Qc2 Qb7 41.
Ra1 Qb3 42. Qf2 Ne4 43. Qg2 Qe3+ 0-1

[Event "World Rapid Women 2025"]
[Site "Doha QAT"]
[Date "2025.12.27"]
[Round "6.67"]
[White "Charvi A"]
[Black "Al-Khulaifi, Ghada"]
[Result "1-0"]
[WhiteTitle "WFM"]
[BlackTitle "WCM"]
[WhiteElo "2270"]
[BlackElo "1630"]
[WhiteFideId "25165518"]
[BlackFideId "12100633"]
[EventDate "2025.12.26"]

1. e4 c6 2. d4 d5 3. Nd2 dxe4 4. Nxe4 Nf6 5. Nxf6+ exf6 6. Be3 Bd6 7. Bd3 O-O 8.
Ne2 Nd7 9. O-O Re8 10. c4 Nf8 11. Qc2 Be6 12. Rfe1 Rc8 13. h3 a6 14. Rad1 b5 15.
b3 c5 16. dxc5 bxc4 17. Bxc4 Rc6 18. Rxd6 Rxd6 19. cxd6 Qxd6 20. Bxe6 Qxe6 21.
Qc4 Qxc4 22. bxc4 Rc8 23. c5 Ne6 24. Rc1 f5 25. Nf4 Nd8 26. Nd5 Nc6 27. Rb1 h6
28. Rb6 Kf8 29. Rxa6 g5 30. g3 Ne5 31. Kg2 Rd8 32. Rd6 Rxd6 33. cxd6 Nd7 34. Nb6
Nb8 35. d7 Nc6 36. Bc5+ Kg8 37. Be7 1-0

[Event "World Rapid Women 2025"]
[Site "Doha QAT"]
[Date "2025.12.27"]
[Round "6.68"]
[White "Nordahl, Christine"]
[Black "Sawan, Eman"]
[Result "0-1"]
[BlackTitle "WFM"]
[WhiteElo "1835"]
[BlackElo "1960"]
[WhiteFideId "1557939"]
[BlackFideId "11511729"]
[EventDate "2025.12.26"]

1. d4 Nf6 2. c4 g6 3. Nc3 Bg7 4. e4 d6 5. Nf3 O-O 6. Be2 Nbd7 7. O-O e5 8. d5 a5
9. Ne1 Nc5 10. f3 Nh5 11. Nd3 Nxd3 12. Bxd3 f5 13. exf5 gxf5 14. Be3 b6 15. Bc2
Kh8 16. Kh1 Qh4 17. Bf2 Qxc4 18. Bd3 Qf4 19. Qc1 Bh6 20. Qxf4 Nxf4 21. Rfd1 Nxd3
22. Rxd3 Ba6 23. Rdd1 b5 24. b3 b4 25. Na4 e4 26. Bd4+ Kg8 27. fxe4 fxe4 28. Nb2
e3 29. Re1 e2 30. Nc4 Bxc4 31. bxc4 Rae8 32. Kg1 Bd2 33. g3 Re4 34. Bb2 Bxe1 35.
Rxe1 Rfe8 36. Kf2 Rxc4 37. Ba1 Rc2 38. a3 b3 39. Bd4 b2 40. Be3 Rxe3 41. Kxe3
Rc1 0-1

[Event "World Rapid Women 2025"]
[Site "Doha QAT"]
[Date "2025.12.27"]
[Round "6.69"]
[White "Miranda Rodriguez, Tania"]
[Black "Abrar Mohammed Ahmad Almalki"]
[Result "1-0"]
[WhiteTitle "WIM"]
[WhiteElo "2051"]
[BlackElo "1826"]
[WhiteFideId "3510417"]
[BlackFideId "21543143"]
[EventDate "2025.12.26"]

1. e4 e5 2. Nf3 Nc6 3. Bb5 d6 4. d4 exd4 5. Nxd4 Bd7 6. Nc3 Nxd4 7. Qxd4 Bxb5 8.
Nxb5 b6 9. Qd5 Rb8 10. Qc6+ Qd7 11. Nxc7+ Kd8 12. Qxd7+ Kxd7 13. Nd5 Ne7 14.
Nxe7 Bxe7 15. Bf4 Rbc8 16. O-O-O f6 17. Rd5 Rc6 18. Rhd1 Ke6 19. R1d3 h5 20. h4
g5 21. hxg5 fxg5 22. Bxg5 Bxg5+ 23. Rxg5 Rh6 24. Rdd5 Rc5 25. Rxc5 bxc5 26. Kd2
a5 27. f4 h4 28. Rg6+ Rxg6 29. f5+ Kf6 30. fxg6 Kxg6 31. Ke3 Kg5 32. Kf3 c4 33.
b3 cxb3 34. cxb3 Kf6 35. Kf4 Ke6 36. a3 d5 37. exd5+ Kxd5 38. b4 a4 39. Kg4 Kc4
40. Kxh4 Kb3 41. b5 Kxa3 42. b6 Kb4 43. b7 a3 44. b8=Q+ Ka4 45. Qb1 1-0

[Event "World Rapid Women 2025"]
[Site "Doha QAT"]
[Date "2025.12.27"]
[Round "6.70"]
[White "Skaslien, Ingrid"]
[Black "Khalil, Manar"]
[Result "0-1"]
[BlackTitle "WFM"]
[WhiteElo "2029"]
[BlackElo "1925"]
[WhiteFideId "1520660"]
[BlackFideId "7604661"]
[EventDate "2025.12.26"]

1. c4 e5 2. Nc3 Nf6 3. Nf3 Nc6 4. e3 d5 5. cxd5 Nxd5 6. Bb5 Nxc3 7. bxc3 Bd6 8.
d4 exd4 9. cxd4 O-O 10. O-O Bf5 11. Bb2 Nb4 12. d5 a6 13. Bc4 b5 14. Qd4 f6 15.
Bb3 Qe7 16. Rad1 Kh8 17. Rd2 a5 18. a3 a4 19. Bd1 Na6 20. Nh4 Bd7 21. Qd3 Nc5
22. Qb1 f5 23. Nf3 Ne4 24. Rd3 b4 25. axb4 Bb5 26. Bc2 Bxb4 27. Rfd1 a3 28. Ba1
Bxd3 29. Rxd3 Bd6 30. Rb3 Nc5 31. Rb5 Ne4 32. Qb3 h6 33. Bd3 Nc5 34. Qc2 Nxd3
35. Qxd3 Qe4 36. Qc3 Rf7 37. Qb3 Kh7 38. Nd2 Qa4 39. Qb1 a2 40. Qf1 Qc2 41. Rb2
Qc5 42. Rb5 Qc2 43. Rb2 Qa4 44. Rb7 Qa6 45. Rb5 Rd8 46. Nb3 c6 47. dxc6 Qxc6 48.
Nd4 Qe4 49. Bc3 Ra8 50. Nb3 Qc2 51. Ba1 Rb8 52. Nd4 Qe4 53. Rxb8 Bxb8 54. Qc1
Qb1 55. Ne2 Rc7 56. Qf1 Rc2 0-1

[Event "World Rapid Women 2025"]
[Site "Doha QAT"]
[Date "2025.12.27"]
[Round "7.1"]
[White "Batsiashvili, Nino"]
[Black "Goryachkina, Aleksandra"]
[Result "1/2-1/2"]
[WhiteTitle "GM"]
[BlackTitle "GM"]
[WhiteElo "2462"]
[BlackElo "2534"]
[WhiteFideId "13602993"]
[BlackFideId "4147103"]
[EventDate "2025.12.26"]

1. d4 Nf6 2. Nf3 d5 3. Bf4 e6 4. e3 c5 5. Nbd2 Nc6 6. c3 Be7 7. Ne5 Nd7 8. Ndf3
Ncxe5 9. Nxe5 c4 10. Be2 O-O 11. O-O Nxe5 12. Bxe5 b5 13. a4 bxa4 14. Qxa4 a5
15. Qc2 Bb7 16. Bf3 Qd7 17. e4 dxe4 18. Bxe4 Bxe4 19. Qxe4 a4 20. Ra2 a3 21.
bxa3 Rxa3 22. Rxa3 Bxa3 23. Rb1 Bd6 24. Qb7 Qd8 25. Bxd6 Qxd6 26. h3 h6 27. Qb5
Qc7 28. Rb4 Qf4 29. Rb1 Qe4 30. Ra1 Qd3 31. Qb4 Rd8 32. Qe7 Rf8 33. Qb4 Qe2 34.
Qb1 Qd2 35. Qc1 Qd3 36. Qe3 Rc8 37. h4 Qf5 38. Qe5 Qxe5 39. dxe5 g5 40. hxg5
hxg5 41. g4 Rc5 42. Ra4 Kf8 43. Kg2 Ke7 44. Kf3 Rxe5 45. Rxc4 Kd6 46. Ra4 Rc5
47. c4 f5 48. gxf5 exf5 49. Ke3 Ke5 50. Kd3 g4 51. Ra2 Rc8 52. Kc3 Ke4 53. Kb4
Rb8+ 54. Kc5 Rb1 55. Kd6 Rd1+ 56. Kc6 f4 57. c5 Kf3 58. Kb7 Rb1+ 59. Kc7 Rf1 60.
c6 Rxf2 61. Rxf2+ Kxf2 62. Kd6 g3 63. c7 g2 64. c8=Q g1=Q 65. Qc5+ Kf1 66. Qc1+
Kg2 67. Qxf4 Qh2 68. Qxh2+ Kxh2 1/2-1/2

[Event "World Rapid Women 2025"]
[Site "Doha QAT"]
[Date "2025.12.27"]
[Round "7.2"]
[White "Lei, Tingjie"]
[Black "Divya, Deshmukh"]
[Result "1/2-1/2"]
[WhiteTitle "GM"]
[BlackTitle "GM"]
[WhiteElo "2569"]
[BlackElo "2497"]
[WhiteFideId "8605114"]
[BlackFideId "35006916"]
[EventDate "2025.12.26"]

1. e4 e5 2. Nf3 d6 3. d4 exd4 4. Nxd4 Nf6 5. Nc3 Be7 6. Bf4 O-O 7. Qd2 Nc6 8.
Nxc6 bxc6 9. Be2 Be6 10. O-O d5 11. e5 Nd7 12. Rad1 h6 13. Bg3 Bf5 14. f4 Nc5
15. Bf3 Qb8 16. b3 Rd8 17. Ne2 Ne4 18. Qc1 Qb6+ 19. Kh1 Bc5 20. Bh4 Re8 21. c3
Be3 22. Qb2 a5 23. Nd4 Bh7 24. Bxe4 Bxe4 25. Bf2 Bxf2 26. Qxf2 c5 27. Nf3 a4 28.
Nd2 axb3 29. Nxe4 dxe4 30. axb3 Qxb3 31. Qxc5 Ra2 32. Qe3 Qc2 33. Rg1 Qe2 34.
Rde1 Qxe3 35. Rxe3 Rc2 36. Rxe4 Rxc3 37. h3 Rd8 38. f5 Rcd3 39. e6 fxe6 40. fxe6
Re8 41. Rc1 Rd6 42. Rxc7 Rdxe6 43. Rg4 R8e7 44. Rxe7 Rxe7 1/2-1/2

[Event "World Rapid Women 2025"]
[Site "Doha QAT"]
[Date "2025.12.27"]
[Round "7.3"]
[White "Koneru, Humpy"]
[Black "Khademalsharieh, Sarasadat"]
[Result "1-0"]
[WhiteTitle "GM"]
[BlackTitle "IM"]
[WhiteElo "2535"]
[BlackElo "2414"]
[WhiteFideId "5008123"]
[BlackFideId "12512214"]
[EventDate "2025.12.26"]

1. Nf3 d5 2. b3 Nf6 3. Bb2 g6 4. c4 Bg7 5. g3 c6 6. Bg2 O-O 7. O-O Bf5 8. d3 Qc8
9. Nbd2 Bh3 10. e4 Bxg2 11. Kxg2 dxe4 12. dxe4 Rd8 13. Qe2 Nh5 14. Bxg7 Kxg7 15.
Qe3 Nd7 16. e5 Nf8 17. Ne4 Ne6 18. Rad1 a5 19. h3 h6 20. Nd4 Nxd4 21. Rxd4 Kh7
22. Rfd1 Qc7 23. e6 fxe6 24. Nc5 Rxd4 25. Rxd4 Qc8 26. Rd7 Qe8 27. Qxe6 Ng7 28.
Rxe7 Qf8 29. Nd7 Qf5 30. Nf6+ Kh8 31. Qf7 1-0

[Event "World Rapid Women 2025"]
[Site "Doha QAT"]
[Date "2025.12.27"]
[Round "7.4"]
[White "Muzychuk, Mariya"]
[Black "Zhu, Jiner"]
[Result "1/2-1/2"]
[WhiteTitle "GM"]
[BlackTitle "GM"]
[WhiteElo "2475"]
[BlackElo "2579"]
[WhiteFideId "14114550"]
[BlackFideId "8608059"]
[EventDate "2025.12.26"]

1. e4 e5 2. Nf3 Nc6 3. Bc4 Nf6 4. d4 exd4 5. O-O Nxe4 6. Re1 d5 7. Bxd5 Qxd5 8.
Nc3 Qh5 9. Nxe4 Be6 10. Bg5 Bd6 11. Nxd6+ cxd6 12. Bf4 Qd5 13. c3 O-O 14. Nxd4
Nxd4 15. Qxd4 Qxd4 16. cxd4 Rfd8 17. a3 Rac8 18. Rac1 d5 19. Rxc8 Rxc8 20. Rc1
Rc4 21. Be3 f6 22. b3 Rxc1+ 23. Bxc1 Kf7 24. f3 Ke7 25. Kf2 h5 26. h4 Bf5 27.
Bf4 Kd7 28. Ke3 Ke7 29. Kd2 Kd7 30. Kc3 Kc6 31. Kd2 Kd7 32. Kc3 Kc6 33. Kd2 1/2-1/2

[Event "World Rapid Women 2025"]
[Site "Doha QAT"]
[Date "2025.12.27"]
[Round "7.5"]
[White "Tan, Zhongyi"]
[Black "Song, Yuxin"]
[Result "1/2-1/2"]
[WhiteTitle "GM"]
[BlackTitle "IM"]
[WhiteElo "2524"]
[BlackElo "2454"]
[WhiteFideId "8603642"]
[BlackFideId "8614300"]
[EventDate "2025.12.26"]

1. d4 Nf6 2. c4 e6 3. Nc3 Bb4 4. e3 O-O 5. Bd2 b6 6. Nf3 Bb7 7. Bd3 c5 8. O-O
cxd4 9. exd4 d5 10. cxd5 Nxd5 11. Qe2 Nd7 12. Rfe1 Rc8 13. Rac1 Nxc3 14. bxc3
Bd6 15. h3 Qc7 16. c4 Bf4 17. Bxf4 Qxf4 18. Qe3 Qd6 19. Red1 Bxf3 20. Qxf3 Qc6
21. Be4 Qa4 22. Qb3 Qa5 23. Qb5 Qxb5 24. cxb5 Nf6 25. Bb7 Rxc1 26. Rxc1 Rd8 27.
Bf3 Ne8 28. Rc3 Nd6 29. Bc6 Rc8 30. Ra3 Rc7 31. Kf1 Nf5 32. Ra4 Ne7 33. Bf3 Nd5
34. Bxd5 exd5 35. Ke2 Kf8 36. Kd3 Ke7 37. Ra6 Kd7 38. a4 Kc8 39. a5 Kb7 40. axb6
axb6 41. Ra1 1/2-1/2

[Event "World Rapid Women 2025"]
[Site "Doha QAT"]
[Date "2025.12.27"]
[Round "7.6"]
[White "Arabidze, Meri"]
[Black "Lagno, Kateryna"]
[Result "1/2-1/2"]
[WhiteTitle "IM"]
[BlackTitle "GM"]
[WhiteElo "2413"]
[BlackElo "2508"]
[WhiteFideId "13604040"]
[BlackFideId "14109336"]
[EventDate "2025.12.26"]

1. c4 e6 2. Nf3 d5 3. cxd5 exd5 4. g3 Nf6 5. Bg2 Be7 6. O-O O-O 7. b3 Ne4 8. a3
Bf6 9. Ra2 c5 10. d3 Nd6 11. b4 cxb4 12. axb4 Nc6 13. Bd2 Qb6 14. Nc3 Nxb4 15.
Rb2 Qc6 16. Rxb4 Bxc3 17. Bxc3 Qxc3 18. Qb1 Be6 19. Nd4 Rac8 20. Nb5 Nxb5 21.
Rxb5 b6 22. Bxd5 Bxd5 23. Rxd5 Qd2 24. e4 Rfd8 25. Qb5 g6 26. h4 h5 27. Qa6 Qc3
28. Qxa7 Rxd5 29. exd5 Qxd3 30. Qxb6 1/2-1/2

[Event "World Rapid Women 2025"]
[Site "Doha QAT"]
[Date "2025.12.27"]
[Round "7.7"]
[White "Chen, Yining"]
[Black "Kosteniuk, Alexandra"]
[Result "1-0"]
[WhiteTitle "FM"]
[BlackTitle "GM"]
[WhiteElo "2278"]
[BlackElo "2483"]
[WhiteFideId "8620946"]
[BlackFideId "4128125"]
[EventDate "2025.12.26"]

1. d4 Nf6 2. c4 e6 3. Nf3 Bb4+ 4. Bd2 Qe7 5. e3 Bxd2+ 6. Qxd2 d6 7. Nc3 e5 8.
Qc2 Bg4 9. Be2 Nbd7 10. O-O-O e4 11. Nd2 Bxe2 12. Nxe2 O-O 13. h3 c5 14. Ng3 d5
15. Kb1 cxd4 16. exd4 Rac8 17. Qb3 dxc4 18. Nxc4 Qe6 19. Ne5 Rfe8 20. Qxe6 Rxe6
21. Nxd7 Nxd7 22. Rhe1 Rce8 23. Rc1 Nf6 24. Rc7 R6e7 25. Rxe7 Rxe7 26. f3 Rd7
27. Nxe4 Rxd4 28. Nxf6+ gxf6 29. Re7 Rb4 30. Kc2 h5 31. Kc3 Rb5 32. a4 Rb6 33.
b4 a6 34. Rc7 f5 35. g4 fxg4 36. fxg4 hxg4 37. hxg4 Kg7 38. Kc4 Rg6 39. Rxb7
Rxg4+ 40. Kc5 Rg5+ 41. Kb6 Rg6+ 42. Ka5 Re6 43. Rb6 Rxb6 44. Kxb6 f5 45. b5 f4
46. bxa6 f3 47. a7 f2 48. a8=Q f1=Q 49. Qb7+ Kh6 50. Qc6+ Kh7 51. a5 Qf2+ 52.
Kb7 Qb2+ 53. Qb6 Qg2+ 54. Ka7 Qf1 55. a6 Qe1 56. Qc5 Qd2 57. Kb7 Qb2+ 58. Kc8
Qh8+ 59. Kd7 Qa8 60. Qc6 Qa7+ 61. Kc8 Qf2 62. Qc7+ Kh6 63. Kb7 Kh5 64. Qa5+ Kh4
65. Qa4+ Kh5 66. Qb5+ Kh4 67. Qc4+ Kh5 68. a7 Qg2+ 69. Qc6 Qg7+ 70. Kb6 1-0

[Event "World Rapid Women 2025"]
[Site "Doha QAT"]
[Date "2025.12.27"]
[Round "7.8"]
[White "Badelka, Olga"]
[Black "Dronavalli, Harika"]
[Result "0-1"]
[WhiteTitle "IM"]
[BlackTitle "GM"]
[WhiteElo "2395"]
[BlackElo "2466"]
[WhiteFideId "13509926"]
[BlackFideId "5015197"]
[EventDate "2025.12.26"]

1. d4 e6 2. Nf3 f5 3. d5 Nf6 4. dxe6 d5 5. c4 Bxe6 6. cxd5 Qxd5 7. Bd2 Nc6 8.
Nc3 Qd7 9. Qa4 O-O-O 10. O-O-O Nd5 11. e3 Nb6 12. Qh4 Be7 13. Qh5 Bf6 14. Bb5
Qd6 15. e4 g6 16. Qh6 Qc5 17. Bxc6 Qxc6 18. e5 Be7 19. Qg7 Bb4 20. Nd4 Qc4 21.
Nxe6 Qxe6 22. Qf6 Qc4 23. Kb1 Qd3+ 24. Ka1 Bxc3 25. bxc3 Nc4 26. e6 Rhf8 27. Qg7
Rg8 28. Qf6 Qc2 29. Bc1 Rxd1 30. Rxd1 Qxd1 31. Kb1 Qd3+ 32. Ka1 Qc2 0-1

[Event "World Rapid Women 2025"]
[Site "Doha QAT"]
[Date "2025.12.27"]
[Round "7.9"]
[White "Garifullina, Leya"]
[Black "Ju, Wenjun"]
[Result "1/2-1/2"]
[WhiteTitle "IM"]
[BlackTitle "GM"]
[WhiteElo "2454"]
[BlackElo "2565"]
[WhiteFideId "34127035"]
[BlackFideId "8603006"]
[EventDate "2025.12.26"]

1. e4 e5 2. Nf3 Nc6 3. Bb5 Nf6 4. d3 Bc5 5. Bxc6 dxc6 6. Nbd2 Nd7 7. O-O O-O 8.
Nc4 Re8 9. a4 f6 10. Kh1 Nf8 11. Ng1 Be6 12. Be3 Bd6 13. b3 Bf7 14. Ne2 Ne6 15.
Qd2 c5 16. Nxd6 cxd6 17. c4 Bh5 18. Ng3 Bg6 19. b4 Qc7 20. a5 Red8 21. b5 Qf7
22. a6 b6 23. f4 exf4 24. Bxf4 Rd7 25. Rf2 Re8 26. Raf1 Nxf4 27. Rxf4 Qe6 28. h3
Qe5 29. Ne2 h6 30. Nc3 Rf7 31. Nd5 f5 32. exf5 Rxf5 33. Rxf5 Bxf5 34. Rf3 Qa1+
35. Kh2 Qe5+ 36. Kh1 Qa1+ 37. Kh2 Qe5+ 38. Qf4 Bg6 39. Qxe5 Rxe5 40. Kg3 Bf7 41.
Nc3 Kf8 42. Ne4 Re6 43. Kf2 Ke8 44. Nc3 Re7 45. Re3 Rxe3 46. Kxe3 Kd7 47. Ke4
Bg6+ 48. Ke3 Bf7 49. Ke4 Bg6+ 50. Ke3 1/2-1/2

[Event "World Rapid Women 2025"]
[Site "Doha QAT"]
[Date "2025.12.27"]
[Round "7.10"]
[White "Assaubayeva, Bibisara"]
[Black "Mammadzada, Gunay"]
[Result "0-1"]
[WhiteTitle "GM"]
[BlackTitle "IM"]
[WhiteElo "2497"]
[BlackElo "2390"]
[WhiteFideId "13708694"]
[BlackFideId "13403729"]
[EventDate "2025.12.26"]

1. e4 e5 2. Nf3 Nc6 3. Bb5 a6 4. Ba4 Nf6 5. Nc3 b5 6. Bb3 Bc5 7. O-O O-O 8. d3
h6 9. a4 Rb8 10. axb5 axb5 11. h3 d6 12. Nd5 Nxd5 13. Bxd5 Ne7 14. Bb3 Ng6 15.
Be3 Qf6 16. c3 Nf4 17. Kh2 Bb6 18. Ng1 c5 19. Bc2 c4 20. d4 Rd8 21. g3 Ne6 22.
d5 Nf8 23. Bxb6 Rxb6 24. f4 Qe7 25. Nf3 b4 26. Qe2 Qc7 27. Qf2 f6 28. g4 exf4
29. Nd4 Ng6 30. Ra8 b3 31. Bb1 Bd7 32. Rxd8+ Qxd8 33. Ne2 f3 34. Qxf3 Ne5 35.
Qf2 Ra6 36. Nf4 Qb6 37. Qg3 Qa7 38. Ne6 Be8 39. Nf4 Bd7 40. Ne6 Be8 41. Nf4 Ra1
42. Ne6 Bg6 43. Qf4 Rxb1 44. Rxb1 Qa2 45. Rf1 0-1

[Event "World Rapid Women 2025"]
[Site "Doha QAT"]
[Date "2025.12.27"]
[Round "7.11"]
[White "Muzychuk, Anna"]
[Black "Preobrazhenskaya, Diana"]
[Result "1-0"]
[WhiteTitle "GM"]
[BlackTitle "WFM"]
[WhiteElo "2518"]
[BlackElo "2131"]
[WhiteFideId "14111330"]
[BlackFideId "34270566"]
[EventDate "2025.12.26"]

1. e4 c5 2. Nf3 d6 3. Bb5+ Bd7 4. c4 Nf6 5. Nc3 g6 6. d4 cxd4 7. Nxd4 Bg7 8. Be3
O-O 9. Bxd7 Nbxd7 10. Rc1 Ne5 11. b3 Neg4 12. Bg5 Qa5 13. Bxf6 Bxf6 14. Qd2 Qc5
15. Rd1 Bg7 16. h3 Ne5 17. O-O Rfe8 18. Nd5 e6 19. Ne3 a6 20. Ne2 Rad8 21. Rc1
Bh6 22. f4 Nc6 23. Kh1 Bg7 24. Rfd1 Qb6 25. Nc3 Qa5 26. Na4 Qh5 27. Qf2 f5 28.
exf5 gxf5 29. Nc3 Kf7 30. Ne2 Bf6 31. Ng1 Rg8 32. Rd3 Qh6 33. Rcd1 Be7 34. Nc2
Rg4 35. Ne2 Rdg8 36. Rg1 Rh4 37. Kh2 Rg6 38. Ncd4 Nxd4 39. Qxd4 e5 40. Qd5+ Re6
41. fxe5 dxe5 42. Rf1 f4 43. Ng3 Qg6 44. Ne4 Kf8 45. Qxb7 Qf5 46. Qc8+ Kf7 47.
Re1 Rh5 48. Qd7 Kf8 49. c5 Qg6 50. Qc8+ Kg7 51. Rd7 f3 52. gxf3 Qf5 53. Rg1+ Kh6
54. Nf2 Qf4+ 55. Kg2 Rg6+ 56. Ng4+ Rxg4+ 57. fxg4 Qe4+ 58. Kh2 Qf4+ 59. Rg3 Qf2+
60. Kh1 Qxg3 61. Qc6+ Kg5 62. gxh5 Qxh3+ 63. Kg1 Qe3+ 64. Kh2 Qf4+ 65. Kg2 Qg4+
66. Kf2 Qf5+ 67. Ke3 Qf4+ 68. Ke2 Qg4+ 69. Kd2 Bf6 70. Rd3 Qf4+ 71. Kc2 e4 72.
Qd5+ Kh6 73. Rd2 e3 74. Re2 Be5 75. Qe6+ Kxh5 76. Qh3+ 1-0

[Event "World Rapid Women 2025"]
[Site "Doha QAT"]
[Date "2025.12.27"]
[Round "7.12"]
[White "Gunina, Valentina"]
[Black "Kamalidenova, Meruert"]
[Result "1-0"]
[WhiteTitle "GM"]
[BlackTitle "IM"]
[WhiteElo "2393"]
[BlackElo "2366"]
[WhiteFideId "4167570"]
[BlackFideId "13712802"]
[EventDate "2025.12.26"]

1. e4 c5 2. Nf3 Nc6 3. Bb5 e6 4. Bxc6 bxc6 5. O-O Ne7 6. e5 Nf5 7. Nc3 d5 8.
exd6 Bxd6 9. Ne4 O-O 10. d3 e5 11. Re1 f6 12. b3 Nd4 13. Nfd2 Be7 14. Ba3 Ne6
15. Nc4 a5 16. Nc3 Ba6 17. Re4 Bb5 18. Bb2 Nd4 19. Ne2 a4 20. Ng3 g6 21. Bxd4
cxd4 22. Qe1 Ra7 23. h3 c5 24. Rb1 Bc6 25. Re2 Rf7 26. a3 Bf8 27. Ne4 Bd5 28.
Qd2 axb3 29. Rxb3 Ra4 30. Re1 Bxc4 31. dxc4 Rxc4 32. Reb1 Ra4 33. Rb8 Qe7 34.
R1b7 Qxb7 35. Rxb7 Rxb7 36. Nxf6+ Kg7 37. Ng4 Ra6 38. Qg5 Re6 39. f3 c4 40. Nxe5
Rb5 41. f4 d3 42. cxd3 cxd3 43. Qd8 Bc5+ 44. Kh2 d2 45. Qxd2 Bd6 46. a4 Rb4 47.
Qd5 Rf6 48. g3 Rb2+ 49. Kg1 Rb1+ 50. Kg2 Rb2+ 51. Kf3 Bxe5 52. Qxe5 Rb3+ 53. Kg2
Rb6 54. a5 Ra6 55. g4 Kg8 56. Kg3 Rfe6 57. Qd5 Kg7 58. Qd7+ Kg8 59. Kh4 Red6 60.
Qe8+ Kg7 61. Qe5+ Kg8 62. Kg5 Re6 63. Qd5 Kg7 64. Qd7+ Kg8 65. Kh6 g5+ 66. Kh5 1-0

[Event "World Rapid Women 2025"]
[Site "Doha QAT"]
[Date "2025.12.27"]
[Round "7.13"]
[White "Stefanova, Antoaneta"]
[Black "Mammadova, Gulnar"]
[Result "1-0"]
[WhiteTitle "GM"]
[BlackTitle "IM"]
[WhiteElo "2391"]
[BlackElo "2330"]
[WhiteFideId "2902257"]
[BlackFideId "13403508"]
[EventDate "2025.12.26"]

1. d4 Nf6 2. Nf3 d5 3. e3 Bf5 4. c4 c6 5. Nc3 e6 6. Nh4 Be4 7. f3 Bg6 8. Qb3 Qc7
9. Bd2 Nbd7 10. cxd5 exd5 11. Rc1 Qb6 12. Nxg6 Qxb3 13. axb3 hxg6 14. e4 dxe4
15. fxe4 Bb4 16. e5 Bxc3 17. bxc3 Ne4 18. Bd3 Nxd2 19. Kxd2 Ke7 20. h4 Nf8 21.
g3 Rd8 22. Ke3 f6 23. exf6+ gxf6 24. Rce1 Kd6 25. Kd2 c5 26. dxc5+ Kxc5 27. Re7
Nd7 28. Kc2 Kd6 29. Rg7 Rdg8 30. Rxg6 Ne5 31. Rxg8 Rxg8 32. Rh3 Ng4 33. h5 f5
34. h6 Rh8 35. h7 Ke6 36. Rh5 Nf6 37. Rxf5 Rd8 38. Rf1 a6 39. Rh1 Rh8 40. Rh4
Kf7 41. Rc4 b5 42. Rc7+ Ke6 43. Rc6+ Ke5 44. Rxa6 b4 45. c4 Re8 46. Rb6 Rh8 47.
Rxb4 Nxh7 48. Rb5+ Kd4 49. Rh5 1-0

[Event "World Rapid Women 2025"]
[Site "Doha QAT"]
[Date "2025.12.27"]
[Round "7.14"]
[White "Khotenashvili, Bella"]
[Black "Mamedjarova, Turkan"]
[Result "1/2-1/2"]
[WhiteTitle "GM"]
[BlackTitle "WGM"]
[WhiteElo "2426"]
[BlackElo "2216"]
[WhiteFideId "13602640"]
[BlackFideId "13402005"]
[EventDate "2025.12.26"]

1. Nf3 d5 2. g3 Nf6 3. Bg2 Bf5 4. O-O e6 5. d3 Bc5 6. Nh4 Bg6 7. Nd2 c6 8. e4
Nbd7 9. Nxg6 hxg6 10. Qe2 O-O 11. e5 Nh7 12. c3 Bb6 13. Nf3 Qe7 14. a4 a5 15. d4
Rfe8 16. h4 f6 17. exf6 gxf6 18. Bh3 e5 19. dxe5 Nxe5 20. Nd4 Bxd4 21. cxd4 Nc4
22. Qg4 Qe4 23. Qd1 f5 24. b3 Nb6 25. Bf4 Qe2 26. Qc1 Nd7 27. Qc3 Nhf6 28. Rae1
Ne4 29. Qc1 Qd3 30. Qe3 Qxe3 31. Rxe3 Kf7 32. Rb1 c5 33. Rd1 Rac8 34. dxc5 Rxc5
35. Bf1 Ndf6 36. f3 Nc3 37. Rxe8 Nxe8 38. Rd3 Nf6 39. Be3 Rc8 40. Bb6 Na2 41.
Bxa5 Nc1 42. Rd1 Nxb3 43. Bb6 Rc2 44. Rd3 Nd2 45. Be3 Nc4 46. Bg5 Ne5 47. Rb3
Nfd7 48. Bf4 Nc5 49. Re3 Nc6 50. Bb5 d4 51. Re1 d3 52. Rd1 Nd4 53. Bxd3 Nxf3+
54. Kf1 Nh2+ 55. Kg1 Nf3+ 56. Kf1 Nh2+ 57. Kg1 Nf3+ 58. Kf1 1/2-1/2

[Event "World Rapid Women 2025"]
[Site "Doha QAT"]
[Date "2025.12.27"]
[Round "7.15"]
[White "Khamdamova, Afruza"]
[Black "Padmini, Rout"]
[Result "1-0"]
[WhiteTitle "WGM"]
[BlackTitle "IM"]
[WhiteElo "2403"]
[BlackElo "2354"]
[WhiteFideId "14210444"]
[BlackFideId "5029295"]
[EventDate "2025.12.26"]

1. e4 e5 2. Nf3 Nc6 3. Bb5 Nf6 4. d3 Bc5 5. O-O Nd4 6. Nxd4 Bxd4 7. c3 Bb6 8.
Ba4 O-O 9. Nd2 c6 10. Nf3 d6 11. h3 h6 12. Bc2 Nh7 13. d4 Qf6 14. Be3 Re8 15. a4
Bc7 16. a5 a6 17. b4 Nf8 18. dxe5 dxe5 19. Nd2 Be6 20. Qe2 Ng6 21. Bb3 Nf4 22.
Bxf4 exf4 23. Bxe6 Rxe6 24. Qf3 Qg6 25. Rad1 Rae8 26. Kh1 Bb8 27. Rc1 R6e7 28.
Rfd1 Kh7 29. Kg1 Qe6 30. Qg4 Qxg4 31. hxg4 Ba7 32. Nc4 Rf8 33. Re1 Rd8 34. Kf1
Rd3 35. Ke2 Rd8 36. f3 c5 37. Red1 Rf8 38. Nd6 cxb4 39. cxb4 g6 40. Nc8 Ree8 41.
Nxa7 Ra8 42. Rd7 Rxa7 43. Rcc7 Kg7 44. e5 Raa8 45. e6 Kf6 46. exf7 Kg7 47. Rxb7
Rac8 48. Rdc7 Rcd8 49. Rd7 Rc8 50. Rb6 Rc2+ 51. Rd2 Rc4 52. Rdd6 Rxf7 53. Rxg6+
Kf8 54. Rgf6 Rxf6 55. Rxf6+ Kg7 56. Rb6 Rc2+ 57. Kd3 Rxg2 58. Rxa6 1-0